|
|
|
|
| LEADER |
00000nam a2200000 a 4500 |
| 001 |
vtls011585767 |
| 003 |
SK-MaSNL |
| 005 |
20260301140044.0 |
| 008 |
161012s2016 xo a b 000 0 slo |
| 015 |
|
|
|a SNBA2016/11
|
| 020 |
|
|
|a 9788089516247 (brož.)
|
| 040 |
|
|
|a SNK
|b slo
|c SNK
|e AACR2
|
| 041 |
0 |
|
|a slo
|
| 044 |
|
|
|a xo
|c SK
|
| 072 |
|
7 |
|a 27-5
|x Liturgia. Kresťanské umenie a symbolika. Duchovný život
|2 konspekt
|
| 072 |
|
7 |
|a 0/9-053.2
|x Literatúra pre deti a mládež (náučná)
|2 konspekt
|
| 080 |
|
|
|a 27-565.3
|2 2001
|
| 080 |
|
|
|a 27-534.35
|2 2011
|
| 080 |
|
|
|a 2-277.2
|2 2011
|
| 080 |
|
|
|a 27-4
|2 2011
|
| 080 |
|
|
|a (0.05)
|2 2011
|
| 100 |
1 |
|
|a Čaučíková, Marianna
|4 aut
|4 ill
|9 154411
|
| 245 |
1 |
0 |
|a Poďme spolu do Betlehema
|b deviatnik s aktivitami pre rodinu
|c [napísala a ilustrovala: Marianna Čaučíková]
|
| 250 |
|
|
|a 1. vyd.
|
| 260 |
|
|
|a Bratislava
|b eRko - HKSD
|c 2016
|
| 300 |
|
|
|a [14] s.
|b fareb. ilustr., noty
|c 15 cm
|
| 650 |
0 |
7 |
|a vianočné obdobie
|2 SNKPH
|9 108921
|
| 650 |
0 |
7 |
|a Christmastide
|2 SNKPHeng
|9 355860
|
| 650 |
0 |
7 |
|a Vianoce
|2 SNKPH
|9 3412
|
| 650 |
0 |
7 |
|a Christmas
|2 SNKPHeng
|9 304887
|
| 650 |
0 |
7 |
|a kresťanský život
|2 SNKPH
|9 1808
|
| 650 |
0 |
7 |
|a Christian prayers
|2 SNKPHeng
|9 267714
|
| 650 |
0 |
7 |
|a biblické citáty
|2 SNKPH
|9 1914
|
| 650 |
0 |
7 |
|a Biblical quotations
|2 SNKPHeng
|9 268253
|
| 650 |
0 |
7 |
|a kresťanské modlitby
|2 SNKPH
|9 2006
|
| 650 |
0 |
7 |
|a Christian life
|2 SNKPHeng
|9 265582
|
| 655 |
|
7 |
|a publikácie pre deti
|2 SNKPH
|9 70148
|
| 655 |
|
7 |
|a Children's literature
|2 SNKPHeng
|9 276039
|
| 919 |
|
|
|a 978-80-89516-24-7
|
| 958 |
|
|
|a NT
|
| 958 |
|
|
|a DB
|
| 999 |
|
|
|c 762297
|d 764227
|
| 952 |
|
|
|a SNK
|b SNK
|y PREZ
|7 0
|p 17A1216482
|o snkOSE 5158
|i snk2016/23864
|8 0
|0 0
|1 0
|4 0
|d 2016-10-12
|l 0
|r 2026-02-24 00:08:33
|w 2026-02-24
|
| 952 |
|
|
|a SNK
|b SNK
|y VYP
|7 0
|p 17A1216481
|o snkOSE 5158 D1
|i snk2016/23865
|8 0
|0 0
|1 0
|4 0
|d 2016-10-12
|l 0
|r 2026-02-24 00:08:33
|w 2026-02-24
|